000 00410nam a2200145Ia 4500
008 211109s9999||||xx |||||||||||||| ||und||
082 _a822
_bKAR-H
100 _aKarnad, Girish
245 0 _aHayavadana
260 _bOxford University
_aCulcutta
_c1975
300 _a71p.
630 _xGeneral Stack
650 _aEnglish drama
_vEnglish & Old English literatures
_xLiterature & rhetoricEnglish
942 _cBOOK
999 _c94652
_d94652